| 000 | 00718nab a2200217u 4500 | ||
|---|---|---|---|
| 001 | 19401 | ||
| 003 | HDC | ||
| 007 | c| |||a|c|aaaa | ||
| 008 | 210227b20091110my ||||o |||| 00| 0 eng d | ||
| 040 | _aHDC | ||
| 245 | 0 | _aAustralia - New report on Halal and Kosher slaughter | |
| 336 |
_atext _2rdacontent |
||
| 337 |
_acomputer _2rdamedia |
||
| 338 |
_aonline resource _2rdacarrier |
||
| 650 |
_aHalal and Kosher slaughter _917864 |
||
| 650 |
_aritual slaughter methods _917863 |
||
| 856 | _zRequest full-text at [email protected] | ||
| 942 | _2lcc | ||
| 942 | _cNEWS | ||
| 942 | _kNWS0 003560 | ||
| 999 |
_c16717 _d16717 |
||